Biblioteca "Ernesto Sabato"
Facultad de Derecho y Ciencias Sociales
Facultad de Lenguas
Universidad Nacional del Comahue

Del crecimiento al desarrollo sostenible (Record no. 17160)

MARC details
000 -CABECERA
campo de control de longitud fija 00782caa a22001812a 4500
001 - NÚMERO DE CONTROL
campo de control 011384
003 - IDENTIFICADOR DEL NÚMERO DE CONTROL
campo de control AR-FADEU
008 - DATOS DE LONGITUD FIJA--INFORMACIÓN GENERAL
campo de control de longitud fija 311216n########xxu####################dd
092 ## - ASIGNACIÓN LOCAL DE SIGNATURA TOPOGRÁFICA DEWEY (OCLC)
Número de clasificación 304.6
Número de documento/Ítem M489
100 ## - ENTRADA PRINCIPAL--NOMBRE DE PERSONA
Nombre de persona Lester R. Brown, Sandra Postel
245 ## - MENCIÓN DE TÍTULO
Título Del crecimiento al desarrollo sostenible
300 ## - DESCRIPCIÓN FÍSICA
Extensión PP. 115-122
500 ## - NOTA GENERAL
Nota general En: Medio ambiente y desarrollo sostenible : más allá del infome Brundtland /ed. Robert Goodland. Madrid : Trotta, 1997
700 ## - PUNTO DE ACCESO ADICIONAL--NOMBRE DE PERSONA
Nombre de persona Christopher, Flavin
773 0# - ENLACE AL DOCUMENTO FUENTE/ENTRADA DE REGISTRO ANFITRIÓN
Número bibliográfico anfitrión 6903
Número de ítem anfitrión 4750
Encabezamiento principal
Edición
Lugar, editor y fecha de publicación Buenos Aires
Otro identificador del documento 10741
Título MEDIO ambiente y urbanización
Número de control del registro ( AR-FADEU) 001064
Número Internacional Normalizado para Publicaciones Seriadas
Número Internacional Estándar del Libro
773 0# - ENLACE AL DOCUMENTO FUENTE/ENTRADA DE REGISTRO ANFITRIÓN
Número bibliográfico anfitrión 17148
Número de ítem anfitrión 17454
Encabezamiento principal
Edición
Lugar, editor y fecha de publicación Madrid
Otro identificador del documento 15969
Título MEDIO ambiente y desarrollo sostenible : más allá del informe Brundtland
Número de control del registro ( AR-FADEU) 011372
Número Internacional Normalizado para Publicaciones Seriadas
Número Internacional Estándar del Libro 84-8164-157-X
942 ## - ELEMENTOS DE PUNTO DE ACCESO ADICIONAL (KOHA)
Tipo de ítem Koha BDGR

No items available.

Facultad de Derecho y Ciencias Sociales | Universidad Nacional del Comahue | Mendoza y Perú General Roca | Río Negro CP (8332) | Patagonia Argentina | Teléfono: 54-0298-4433670 | | Fax: 0298-4432093 | Fax alumnos: 0298-4435700